| 000 | 01220cam a2200313 i 4500 | ||
|---|---|---|---|
| 001 | 66177 | ||
| 003 | Mx-PuUPA | ||
| 005 | 20250422122051.0 | ||
| 008 | 160919s2014 mx r 000 0 spa d | ||
| 017 | _aAS-2.990-2006 | ||
| 040 |
_aMx-PuUPA _bspa _cMx-PuUPA _dMx-PuUPA _erda |
||
| 041 | 0 | _aspa | |
| 100 | 1 |
_aGuscin, Mark, _eautor _916971 |
|
| 245 | 1 | 0 |
_aLa historia del Sudario de Oviedo / _cMark Guscin ; prólogo de Juan Ignacio Ruíz de la Peña ; introducción de Guillermo Heras Moreno ; presentación de Jorge-Manuel Rodríguez |
| 250 | _aSegunda edición | ||
| 264 | 1 |
_aOviedo, España : _bAyuntamiento de Oviedo, _c2006 |
|
| 300 |
_a240 páginas : _bilustraciones ; _c24 cm |
||
| 336 |
_atexto _2rdacontent _btxt |
||
| 337 |
_asin medio _2rdamedia _bn |
||
| 338 |
_avolumen _2rdacarrier _bnc |
||
| 650 | 7 |
_2armarc _aSudario de Oviedo _xHistoria _yHasta 1500 |
|
| 650 | 7 |
_2armarc _aSudario de Oviedo _xHistoriografía |
|
| 700 | 1 |
_aRuiz de la Peña, Juan Ignacio _eprologuista |
|
| 700 | 1 |
_aHeras Moreno, Guillermo, _eautor de introducción |
|
| 700 | 1 |
_aRodríguez, Jorge-Manuel, _epresentador |
|
| 942 |
_2ddc _cLI _h232.9660902 _iG82 |
||
| 999 |
_c66177 _d66177 |
||